000 00490nam a2200181 i 4500
001 57917
003 ES-MaACL
005 20250704062528.0
007 t|
008 031020s1966 sp ||||1| spa d
100 1 _aDumas, Alexandre,
_d1802-1870
_eaut
_9241135
245 1 3 _aLa Condesa de Charnay /
_cAlejandro Dumas.
260 _aMadrid :
_bAlonso,
_c[1966]
300 _a446 p. ;
_c28 cm.
852 _aES-MaACL
_jC-30815
_bR.61394
942 _2udc
999 _c57917
_d57917